Words hidden in a phrase Quiz Stats

 Plays Quiz not verified by Sporcle

Challenge
Share
Tweet
Embed
Score 0/10 Timer 05:00
0 Plays Today
Hint Answer % Correct
2. 'Like I said before, go now and we'll catch you up later'.Oregon
73.7%
1. Not long to go now but ahead of them was a tricky climb.Utah
72%
4. He entered the flat via an open window close to the fire escape.Latvia
66.3%
6. 'Listen, babe, I jingle my car keys in my pocket out of habit, nothing else'.Beijing
62.9%
3. 'It was a large puma-like cat' said the man who'd spotted it. 'A lynx, perhaps'.Italy
58.7%
7. It was very informal. A wide variety of outfits were worn and everybody had fun.Malawi
48%
8. He took the drug and a few hours later, he was fast asleep, snoring like a baby.Uganda
47.6%
5. It was quite a shock. A bullet missed them by only a few feet.Kabul
42.5%
9. My husband Robert runs the business and I assist him. I am involved in sorting the orders and paying the bills.Miami
39%
10. Whenever she makes me a sandwich, it always has mayonaisse in, which I don't like.Wichita
34.1%

You're not logged in!

Compare scores with friends on all Sporcle quizzes.
OR
Log In

You Might Also Like...

Show Comments

Extras

Created Nov 8, 2009ReportNominate
Tags:hidden, phrase, place, spot, text

Top Quizzes Today


Score Distribution

Your Account Isn't Verified!

In order to create a playlist on Sporcle, you need to verify the email address you used during registration. Go to your Sporcle Settings to finish the process.

Report this User

Report this user for behavior that violates our Community Guidelines.

Details: